000 00439cam a22001337a 4500
008 180718b2014 xxu||||| |||| 00| 0 eng d
020 _a9788125053552
082 _aB141x54 K166
245 _aMarrying in South Asia:shifting concepts, changing practices in a globalizing world
_cedited by Ravinder Kaur and Rajni Palriwala
260 _aNew Delhi
_bOrient
_c2014
300 _a420p.
700 _aPalriwala, Rajni
700 _aKaur, Ravinder
999 _c443541
_d443541